Las puertas del infierno: tras la búsqueda de un orden
Shranjeno v:
| Glavni avtor: | |
|---|---|
| Format: | Neznan |
| Izdano: |
Colombia:
Universidad de Medellín,
|
| Teme: | |
| Oznake: |
Označite
Brez oznak, prvi označite!
|
MARC
| LEADER | 000000000a22000000004500 | ||
|---|---|---|---|
| 001 | 000124 | ||
| 100 | 1 | |a Velez Upegui, Mauricio | |
| 245 | 1 | 0 | |a Las puertas del infierno: tras la búsqueda de un orden |
| 260 | |a Colombia: |b Universidad de Medellín, | ||
| 310 | |a mensual | ||
| 650 | 4 | |a NOVELA | |
| 650 | 4 | |a LAS PUERTAS DEL INFIERNO | |
| 650 | 4 | |a DIAZ GRANADOS, JOSE LUIS | |
| 773 | 0 | |t Con-Textos: Revista de Semiótica Literaria | |
| 773 | 0 | |g 7 | |
| 773 | 0 | |g 17 | |
| 773 | 0 | |g 1998 | |
| 773 | 0 | |g 7-17 | |
| 999 | |c 905 |d 905 | ||
